Tilastot visalle Kuopion keskustan teitä

Klikkaa tästä pelataksesi tätä visaa!

Yleistilastot

  • Tätä visaa on pelattu 172 kertaa
  • Keskiarvotulos 19 / 47

Vastaustilastot

Vastaus% Oikein
Minna Canthin katu
85%
Kauppakatu
80%
Puijonkatu
80%
Tulliportinkatu
79%
Asemakatu
75%
Puistokatu
71%
Satamakatu
71%
Suokatu
69%
Haapaniemenkatu
68%
Kirkkokatu
67%
Torikatu
65%
Savonkatu
61%
Kuninkaankatu
56%
Vuorikatu
56%
Hapelähteenkatu
45%
Käsityökatu
45%
Kuopionlahdenkatu
44%
Maaherrankatu
41%
Itkonniemenkatu
40%
Museokatu
40%
Mäkikatu
39%
Sepänkatu
39%
Hallituskatu
35%
Kirjastokatu
35%
Snellmaninkatu
35%
Hatsalankatu
32%
Niemenkatu
32%
Venekatu
29%
Piispankatu
28%
Sairaalakatu
28%
Ajurinkatu
27%
Maljalahdenkatu
27%
Koljonniemenkatu
25%
Makasiininkatu
23%
Kallanranta
21%
Kasarmikatu
19%
Lapinlinnankatu
19%
Lukkarinkatu
19%
Vankilankatu
19%
Myllykatu
17%
Venemiehenkatu
17%
Hallikatu
13%
Puusepänkatu
12%
Brahenkatu
9%
Sorvarinkatu
9%
Varastokatu
8%
Vahtivuorenkatu
5%

Tulosjakauma

Persentiili vastausten määrän mukaan

Jokaisen tuloksen saaneiden osuus

Tuloshistoriasi

Et ole pelannut tätä visaa